[Event "Montrevel en Bresse-Vandoeuvre II"]
[Site "Epinal"]
[Date "2008.04.06"]
[Round "11.8"]
[White "Vigneron, Jean"]
[Black "Chebance, Benoit"]
[Result "1-0"]
[WhiteElo "1916"]
[BlackElo "1994"]
[PlyCount "105"]
[EventDate "2008.04.06"]
[SourceDate "2007.10.27"]

1. d4 d5 2. Bf4 Bf5 3. e3 Nd7 4. c4 dxc4 5. Bxc4 Nb6 6. Bd3 Bxd3 7. Qxd3 Nf6 8.
Nc3 c6 9. Nf3 e6 10. O-O Be7 11. Rfd1 Nh5 12. Bg3 Nxg3 13. hxg3 h5 14. e4 Qd6
15. a3 h4 16. g4 Qf4 17. Ne5 Bd6 18. Ne2 Qh6 19. Nf3 h3 20. g3 h2+ 21. Kh1 Qh3
22. g5 O-O-O 23. b4 Qg4 24. Rac1 Kb8 25. Qe3 f6 26. gxf6 gxf6 27. Nd2 f5 28. e5
Be7 29. Nf4 Bg5 30. Qf3 Qxf3+ 31. Nxf3 Bxf4 32. gxf4 Nd5 33. Ng5 Rde8 34. Rc2
Nxf4 35. f3 Rh5 36. Nf7 Rf8 37. Nd6 Rfh8 38. Rb1 Rh3 39. b5 cxb5 40. Rxb5 b6
41. Rb1 Nd3 42. Rf1 R3h4 43. d5 exd5 44. e6 R4h7 45. Nxf5 Nf4 46. e7 Ng6 47.
Re1 Re8 48. Nd6 Rhh8 49. Nxe8 Rxe8 50. Re6 Nf4 51. Rf6 Nh5 52. Rf8 Ng7 53. Rg2
1-0

[Event "Mundolsheim-Metz Fischer II"]
[Site "Epinal"]
[Date "2008.04.06"]
[Round "11.1"]
[White "Anka, Emil"]
[Black "Vandevoort, Pascal"]
[Result "1/2-1/2"]
[WhiteElo "2392"]
[BlackElo "2398"]
[PlyCount "36"]
[EventDate "2008.04.06"]
[SourceDate "2007.10.27"]

1. e4 e5 2. Nf3 Nc6 3. Bb5 a6 4. Ba4 d6 5. c3 f5 6. exf5 Bxf5 7. O-O Bd3 8. Re1
Be7 9. Bc2 Bxc2 10. Qxc2 Nf6 11. d4 Qd7 12. dxe5 dxe5 13. Rd1 Bd6 14. Bg5 e4
15. Nd4 Nxd4 16. cxd4 Qg4 17. Bxf6 gxf6 18. Nd2 f5 1/2-1/2

[Event "Mundolsheim-Metz Fischer II"]
[Site "Epinal"]
[Date "2008.04.06"]
[Round "11.2"]
[White "Cekro, Ekrem"]
[Black "Peter, Sebastien"]
[Result "0-1"]
[WhiteElo "2414"]
[BlackElo "2283"]
[PlyCount "112"]
[EventDate "2008.04.06"]
[SourceDate "2007.10.27"]

1. c4 Nf6 2. g3 e6 3. Bg2 d5 4. Nf3 dxc4 5. Qa4+ c6 6. Qxc4 b5 7. Qb3 Bb7 8. a4
a6 9. O-O c5 10. d3 Bd5 11. Qc2 Nbd7 12. Nc3 Bc6 13. Bg5 Be7 14. Nd2 Bxg2 15.
Kxg2 Rb8 16. Bf4 e5 17. Bg5 O-O 18. Nf3 Qc7 19. Rfc1 h6 20. Bxf6 Nxf6 21. axb5
axb5 22. Ra2 b4 23. b3 bxc3 24. Qxc3 e4 25. dxe4 Nxe4 26. Qc4 Qb7 27. Rca1 Ra8
28. Kg1 Ng5 29. Nxg5 hxg5 30. Rxa8 Rxa8 31. Rxa8+ Qxa8 32. h3 Qa1+ 33. Kg2 Qd4
34. Qc2 Qd5+ 35. Kh2 Bf6 36. e3 g6 37. Qc1 Qe5 38. Qc4 Kg7 39. Kg2 Be7 40. Kh2
f5 41. Qa4 Qe4 42. Qa1+ Kg8 43. Qa7 Bd6 44. Qd7 Qe7 45. Qc6 Kg7 46. Kg1 f4 47.
exf4 gxf4 48. gxf4 Bxf4 49. Kf1 Be5 50. Qe4 Qd6 51. Kg2 Bd4 52. Qd3 Qd5+ 53. f3
Qg5+ 54. Kf1 Qe3 55. Qxe3 Bxe3 56. Ke2 Bg1 0-1

[Event "Mundolsheim-Metz Fischer II"]
[Site "Epinal"]
[Date "2008.04.06"]
[Round "11.3"]
[White "Duchateau, Thomas"]
[Black "Goossens, Etienne"]
[Result "0-1"]
[WhiteElo "2126"]
[BlackElo "2278"]
[PlyCount "84"]
[EventDate "2008.04.06"]
[SourceDate "2007.10.27"]

1. Nf3 e6 2. g3 b5 3. Bg2 Bb7 4. O-O c5 5. d4 cxd4 6. Nxd4 Bxg2 7. Kxg2 Qb6 8.
e4 Nc6 9. c3 Nf6 10. f3 d5 11. Be3 Bc5 12. exd5 Nxd5 13. Bf2 Rd8 14. Qe2 Nxd4
15. cxd4 Bxd4 16. Nc3 Bxf2 17. Nxd5 Rxd5 18. Rxf2 O-O 19. Rd1 Rfd8 20. Rxd5
Rxd5 21. Qc2 Qd8 22. Qc6 g6 23. Rc2 a5 24. a3 b4 25. axb4 axb4 26. Qc4 Rd4 27.
Qb3 Qd6 28. Rf2 Rd3 29. Qc2 Qd5 30. h4 e5 31. Qe2 h5 32. Qe1 b3 33. Qe2 Qd4 34.
Qe1 Rd1 35. Qe2 Rc1 36. Qb5 Rc2 37. Re2 Qxb2 38. Rxc2 Qxc2+ 39. Kh3 Qc8+ 40.
Kg2 Qc3 41. g4 hxg4 42. fxg4 b2 0-1

[Event "Mundolsheim-Metz Fischer II"]
[Site "Epinal"]
[Date "2008.04.06"]
[Round "11.4"]
[White "Carrillo, Jesus"]
[Black "Hoffmann, Regis"]
[Result "1-0"]
[WhiteElo "2147"]
[BlackElo "2140"]
[PlyCount "117"]
[EventDate "2008.04.06"]
[SourceDate "2007.10.27"]

1. e4 d6 2. d4 g6 3. Nc3 Bg7 4. g3 c6 5. a4 a5 6. Bg2 Nf6 7. Nge2 O-O 8. O-O
Qc7 9. h3 e5 10. Be3 Na6 11. f4 Nb4 12. Qd2 Re8 13. f5 d5 14. dxe5 Nxe4 15.
Nxe4 dxe4 16. f6 Rd8 17. Qc1 Bf8 18. Bh6 Bc5+ 19. Kh2 Qxe5 20. Bf4 Qe6 21. Nc3
Nd5 22. Nxe4 Bd4 23. Bc7 Be3 24. Qe1 Re8 25. c4 Nxc7 26. Qxe3 Qd6 27. Qb6 Rxe4
28. Bxe4 Ne6 29. Rad1 Qf8 30. Qe3 h5 31. Rd2 Kh7 32. Rfd1 Qb4 33. b3 Ra6 34.
Bc2 Qc5 35. Qxc5 Nxc5 36. Rd8 Be6 37. Rb8 Nd7 38. Rxb7 Nxf6 39. Re1 Kh6 40. Rf1
Kg7 41. Re1 Kh6 42. Re5 Ra8 43. Bd1 Rd8 44. Bf3 Rd3 45. Bg2 Rd2 46. Kg1 Nd7 47.
Rxa5 g5 48. Rc7 c5 49. Ra8 Rb2 50. Ra6 Ne5 51. Rxc5 Nd3 52. Rb5 Ne1 53. Bd5 Kg7
54. Bxe6 Nf3+ 55. Kf1 fxe6 56. Rxe6 g4 57. Rb7+ Kf8 58. hxg4 hxg4 59. Ra6 1-0

[Event "Mundolsheim-Metz Fischer II"]
[Site "Epinal"]
[Date "2008.04.06"]
[Round "11.5"]
[White "Martin, Cedric"]
[Black "Staeger, Pascal"]
[Result "1-0"]
[WhiteElo "2125"]
[BlackElo "2112"]
[PlyCount "79"]
[EventDate "2008.04.06"]
[SourceDate "2007.10.27"]

1. e4 d5 2. exd5 Qxd5 3. Nc3 Qd6 4. Bc4 Nf6 5. d4 a6 6. f3 b5 7. Bb3 Bb7 8.
Nge2 e6 9. Be3 Nbd7 10. a4 b4 11. Nb1 Nd5 12. Bf2 g6 13. Nd2 a5 14. Ne4 Qe7 15.
O-O f5 16. N4g3 Bg7 17. Re1 Kf7 18. c4 bxc3 19. bxc3 c6 20. Rb1 Rab8 21. c4 Nc7
22. Nf4 Nf6 23. Nd3 Rhd8 24. Ne2 g5 25. Qd2 g4 26. Qxa5 gxf3 27. Ne5+ Kg8 28.
Nxf3 Ne4 29. Bh4 Bf6 30. Bxf6 Nxf6 31. Nf4 Ne4 32. Bc2 c5 33. Bxe4 fxe4 34. Nd2
Rxd4 35. Qc3 Qd6 36. Qg3+ Kh8 37. Nxe4 Rxe4 38. Rxe4 Rg8 39. Qc3+ e5 40. Rxb7
1-0

[Event "Mundolsheim-Metz Fischer II"]
[Site "Epinal"]
[Date "2008.04.06"]
[Round "11.6"]
[White "Hartmann, Dominique"]
[Black "Briet, Antoine"]
[Result "0-1"]
[WhiteElo "1974"]
[BlackElo "2156"]
[PlyCount "64"]
[EventDate "2008.04.06"]
[SourceDate "2007.10.27"]

1. d4 Nf6 2. Nf3 g6 3. Nc3 d5 4. Bf4 Bg7 5. e3 O-O 6. Be2 c5 7. Ne5 Nc6 8. h4
Nd7 9. Nxd5 cxd4 10. Nxc6 bxc6 11. Bc7 Qe8 12. Nb4 dxe3 13. fxe3 Bb7 14. Nd3 c5
15. Bf3 Qc8 16. Bg3 c4 17. Nf4 Bxb2 18. Rb1 Bc3+ 19. Kf2 Nb6 20. Qc1 Rd8 21.
Rd1 Bxf3 22. gxf3 Qc5 23. Ne2 Bf6 24. c3 Nd5 25. Nd4 a6 26. Rb7 Qc8 27. Rb1 Qc5
28. Rb7 Rac8 29. Re1 Nxc3 30. Qxc3 Rxd4 31. Rxe7 Rd6 32. Bxd6 Qxd6 0-1

[Event "Mundolsheim-Metz Fischer II"]
[Site "Epinal"]
[Date "2008.04.06"]
[Round "11.7"]
[White "Gourdier, Jean Roch"]
[Black "Joly, Laurent"]
[Result "0-1"]
[WhiteElo "2084"]
[BlackElo "2032"]
[PlyCount "66"]
[EventDate "2008.04.06"]
[SourceDate "2007.10.27"]

1. e4 Nf6 2. Nc3 d5 3. e5 Ne4 4. Nxe4 dxe4 5. d4 exd3 6. Bxd3 Nc6 7. Bf4 g6 8.
Qd2 Bg7 9. O-O-O Qd5 10. Nf3 Bg4 11. Rhe1 Bxf3 12. gxf3 O-O 13. Qe3 Qxa2 14. c3
Qe6 15. Qe4 Qa2 16. Bc4 Qa1+ 17. Kc2 Qa4+ 18. Kb1 e6 19. b3 Qa3 20. Rd7 Qa5 21.
Kb2 Rac8 22. Ra1 Qc5 23. b4 Qxf2+ 24. Rd2 Qh4 25. b5 Nxe5 26. Bxe5 Qxe4 27.
fxe4 Bxe5 28. Rxa7 b6 29. Ra1 c6 30. Ra3 cxb5 31. Bxb5 Rc5 32. Bf1 Rfc8 33. Rc2
b5 0-1

[Event "Mundolsheim-Metz Fischer II"]
[Site "Epinal"]
[Date "2008.04.06"]
[Round "11.8"]
[White "Lupfer, Anny"]
[Black "Bodlenner, Camille"]
[Result "1/2-1/2"]
[WhiteElo "1697"]
[BlackElo "1873"]
[PlyCount "133"]
[EventDate "2008.04.06"]
[SourceDate "2007.10.27"]

1. d4 f5 2. Nf3 g6 3. Bf4 Bg7 4. e3 Nf6 5. c4 O-O 6. Nc3 d6 7. Qb3 e6 8. Be2 a6
9. O-O Qe8 10. Rfd1 Nbd7 11. Qa4 e5 12. dxe5 dxe5 13. Bg5 c6 14. Rd2 h6 15.
Bxf6 Bxf6 16. Rad1 a5 17. b4 Nb6 18. Qb3 a4 19. Qa3 Be6 20. c5 Nd7 21. b5 Be7
22. bxc6 bxc6 23. Qb2 Bxc5 24. Qb7 Rf7 25. Qxc6 Bb4 26. Nh4 Rc8 27. Qxa4 Bxc3
28. Rc2 Ra8 29. Qc6 Bb4 30. Nxg6 Rg7 31. Nh4 Rb8 32. Bc4 Bxc4 33. Qxc4+ Kh7 34.
Nxf5 Qh5 35. Qd3 e4 36. Qd5 Nf6 37. Nxg7 Qxd5 38. Rxd5 Nxd5 39. Nf5 Kg6 40. g4
Bc3 41. Ng3 Re8 42. Ne2 Bb4 43. Kg2 Kg5 44. h3 Ba3 45. Rc4 Nb6 46. Rc6 Nd5 47.
Kg3 Nf6 48. h4+ Kg6 49. Nf4+ Kf7 50. g5 hxg5 51. hxg5 Ng8 52. g6+ Kg7 53. Nh5+
Kh6 54. Kg4 Ne7 55. Re6 Bb2 56. g7+ Kh7 57. Rxe4 Bxg7 58. Nxg7 Kxg7 59. Kg5 Kf7
60. Rf4+ Kg7 61. e4 Ra8 62. Rf6 Rxa2 63. e5 Re2 64. f4 Re4 65. Re6 Kf8 66. Rf6+
Kg7 67. Re6 1/2-1/2

[Event "Reims Echec et Mat-Strasbourg II"]
[Site "Epinal"]
[Date "2008.04.06"]
[Round "11.1"]
[White "Camus, Berenger"]
[Black "Horvath, Laszlo"]
[Result "1/2-1/2"]
[WhiteElo "2164"]
[BlackElo "2229"]
[PlyCount "53"]
[EventDate "2008.04.06"]
[SourceDate "2007.10.27"]

1. d4 Nf6 2. c4 g6 3. Nc3 d5 4. Bf4 Bg7 5. e3 c5 6. dxc5 Qa5 7. Qa4+ Qxa4 8.
Nxa4 dxc4 9. Bxc4 Bd7 10. Nc3 Nc6 11. Nf3 Nh5 12. Ng5 Bxc3+ 13. bxc3 O-O 14.
Rd1 Bf5 15. Bd5 Rac8 16. O-O Nxf4 17. exf4 Na5 18. Bf3 Rxc5 19. g4 Be6 20. Rfe1
Rxc3 21. Kg2 Rc7 22. Rxe6 fxe6 23. Nxe6 Rfc8 24. Nxc7 Rxc7 25. Rd8+ Kf7 26. g5
e6 27. Rh8 1/2-1/2

[Event "Reims Echec et Mat-Strasbourg II"]
[Site "Epinal"]
[Date "2008.04.06"]
[Round "11.2"]
[White "Reinhart, Emmanuel"]
[Black "Oudot, Jean Baptiste"]
[Result "1-0"]
[WhiteElo "2298"]
[BlackElo "2112"]
[PlyCount "55"]
[EventDate "2008.04.06"]
[SourceDate "2007.10.27"]

1. e4 c5 2. Nf3 Nc6 3. d4 cxd4 4. Nxd4 Nf6 5. Nc3 e5 6. Ndb5 d6 7. Bg5 a6 8.
Na3 b5 9. Bxf6 gxf6 10. Nd5 f5 11. Bd3 Be6 12. Qh5 Rg8 13. c3 Rxg2 14. Qf3 Rg5
15. exf5 Bxd5 16. Qxd5 Ne7 17. Qb7 Qc8 18. Qxc8+ Rxc8 19. Nc2 Nxf5 20. Nb4 Nh4
21. O-O-O Bh6 22. Kb1 Rg2 23. Be4 Rxf2 24. Rxd6 Bg7 25. Rhd1 f5 26. Bb7 Rb8 27.
Bd5 Rd8 28. Bc6+ 1-0

[Event "Reims Echec et Mat-Strasbourg II"]
[Site "Epinal"]
[Date "2008.04.06"]
[Round "11.3"]
[White "Varoquier, Romain"]
[Black "Schwicker, Francois"]
[Result "1-0"]
[WhiteElo "2071"]
[BlackElo "2216"]
[PlyCount "71"]
[EventDate "2008.04.06"]
[SourceDate "2007.10.27"]

1. e4 e5 2. Nf3 Nc6 3. Bc4 Nf6 4. d3 d5 5. exd5 Nxd5 6. O-O Bg4 7. Re1 Be7 8.
h3 Bh5 9. c3 O-O 10. Nbd2 Nb6 11. Bb5 Bd6 12. Ne4 f5 13. Ng3 Bxf3 14. Qxf3 Qd7
15. a4 a6 16. Bxc6 bxc6 17. a5 Nd5 18. Bd2 Ne7 19. b4 Ng6 20. Rad1 Rae8 21. c4
e4 22. dxe4 fxe4 23. Qb3 Qf7 24. Be3 Kh8 25. Bd4 Ne5 26. Rxe4 Nxc4 27. Qxc4
Qxc4 28. Bxg7+ Kxg7 29. Rxc4 Rb8 30. Rdd4 Rb5 31. Ne4 Be5 32. Rd7+ Kh8 33. g3
Rd5 34. Re7 Rf3 35. Rxh7+ Kxh7 36. Ng5+ 1-0

[Event "Reims Echec et Mat-Strasbourg II"]
[Site "Epinal"]
[Date "2008.04.06"]
[Round "11.4"]
[White "Letzelter, Jean Claude"]
[Black "Garcia, Gilles"]
[Result "1-0"]
[WhiteElo "2174"]
[BlackElo "2003"]
[PlyCount "43"]
[EventDate "2008.04.06"]
[SourceDate "2007.10.27"]

1. e4 d5 2. exd5 Nf6 3. c4 c6 4. Qa4 Bd7 5. Qb3 cxd5 6. cxd5 Qc8 7. Nc3 a6 8.
Be2 e6 9. Bf3 b5 10. d4 Ra7 11. Bf4 b4 12. Rc1 bxc3 13. Rxc3 Qb7 14. dxe6 Bxe6
15. Qxb7 Rxb7 16. Bxb7 Bb4 17. Bxb8 O-O 18. Be5 Nd5 19. Ne2 f6 20. Bg3 Nxc3 21.
bxc3 Ba3 22. Kd2 1-0

[Event "Reims Echec et Mat-Strasbourg II"]
[Site "Epinal"]
[Date "2008.04.06"]
[Round "11.5"]
[White "Castanier, Carl"]
[Black "Ricter, Jean Paul"]
[Result "0-1"]
[WhiteElo "1966"]
[BlackElo "2159"]
[PlyCount "75"]
[EventDate "2008.04.06"]
[SourceDate "2007.10.27"]

1. e4 d6 2. Nc3 Nf6 3. g3 e5 4. Bg2 Be7 5. Nge2 O-O 6. d4 c6 7. h3 b5 8. a3 Bb7
9. Be3 Nbd7 10. f4 a6 11. O-O Re8 12. g4 exd4 13. Nxd4 Bf8 14. Nf5 c5 15. Qd3
g6 16. Ng3 d5 17. Nxd5 Nxd5 18. exd5 c4 19. Qd2 Rxe3 20. Ne4 Qb6 21. Kh1 Re8
22. Ng5 Re2 23. Qd1 Nf6 24. f5 Rxg2 25. fxg6 hxg6 26. Kxg2 Nxd5 27. Kg3 Bd6+
28. Kh4 Ne3 29. Nxf7 Be7+ 30. g5 Nxd1 31. Raxd1 Rf8 32. Nh6+ Kg7 33. Ng4 Rxf1
34. Rxf1 Qd4 35. b3 Bc8 36. c3 Qe4 37. a4 Bxg4 38. hxg4 0-1

[Event "Reims Echec et Mat-Strasbourg II"]
[Site "Epinal"]
[Date "2008.04.06"]
[Round "11.6"]
[White "Rocher, Olivier"]
[Black "Billon, Olivier"]
[Result "0-1"]
[WhiteElo "2115"]
[BlackElo "1988"]
[PlyCount "88"]
[EventDate "2008.04.06"]
[SourceDate "2007.10.27"]

1. d4 Nf6 2. c4 g6 3. g3 Bg7 4. Bg2 d5 5. Nf3 dxc4 6. O-O c6 7. Ne5 Ng4 8. Nxg4
Bxg4 9. Be3 Nd7 10. a4 a5 11. Nc3 Nb6 12. d5 cxd5 13. Nxd5 Nxd5 14. Bxd5 Bxb2
15. Bxc4 Qxd1 16. Raxd1 O-O 17. Rb1 Ba3 18. Rxb7 Rfc8 19. Bd3 Rab8 20. Rfb1 Bb4
21. Rxb8 Rxb8 22. Bc5 Kf8 23. Bxb4 Rxb4 24. Rxb4 axb4 25. f4 b3 26. Kf2 Ke8 27.
Ke1 Be6 28. Kd2 Kd7 29. Kc3 Kc6 30. e3 Kc5 31. Be2 f6 32. Bd1 b2 33. Bc2 Bd7
34. h4 Bxa4 35. Kxb2 Bxc2 36. Kxc2 Kc4 37. Kd2 e5 38. fxe5 fxe5 39. g4 h6 40.
Kc2 e4 41. h5 g5 42. Kd2 Kb3 43. Kd1 Kc3 44. Ke2 Kc2 0-1

[Event "Reims Echec et Mat-Strasbourg II"]
[Site "Epinal"]
[Date "2008.04.06"]
[Round "11.7"]
[White "Desanlis, Anne Sophie"]
[Black "Ouadi, Ali"]
[Result "0-1"]
[WhiteElo "1910"]
[BlackElo "1915"]
[PlyCount "46"]
[EventDate "2008.04.06"]
[SourceDate "2007.10.27"]

1. c4 Nf6 2. Nc3 e6 3. Qc2 Be7 4. g3 Nc6 5. Nf3 O-O 6. Bg2 d5 7. b3 Nb4 8. Qb1
d4 9. a3 dxc3 10. axb4 Bxb4 11. O-O cxd2 12. Bxd2 Bxd2 13. Rd1 Qe7 14. Rxd2 e5
15. Ra5 c5 16. Qa1 e4 17. Qe5 Qxe5 18. Nxe5 b6 19. Ra1 Be6 20. Nc6 a5 21. Ne7+
Kh8 22. Nd5 Rad8 23. Rad1 Bd7 {suite illisible} 0-1

[Event "Reims Echec et Mat-Strasbourg II"]
[Site "Epinal"]
[Date "2008.04.06"]
[Round "11.8"]
[White "Roos, Louise"]
[Black "Barnier, Christophe"]
[Result "0-1"]
[WhiteElo "1911"]
[BlackElo "1893"]
[PlyCount "88"]
[EventDate "2008.04.06"]
[SourceDate "2007.10.27"]

1. e4 c5 2. Nf3 d6 3. d4 cxd4 4. Nxd4 Nf6 5. Nc3 a6 6. Be2 b5 7. a3 Bb7 8. f3
e6 9. Be3 Be7 10. O-O O-O 11. Qe1 Qc7 12. Qf2 Nbd7 13. Kh1 d5 14. exd5 Nxd5 15.
Nxd5 Bxd5 16. Rad1 f5 17. f4 Nf6 18. Bf3 Ne4 19. Bxe4 fxe4 20. f5 e5 21. Qg3
Bc4 22. Rfe1 Bf6 23. b3 Bf7 24. Bg1 Rac8 25. Ne6 Bxe6 26. fxe6 Qe7 27. Rxe4
Rxc2 28. Qd3 Rc6 29. Qd5 Qxe6 30. Qxe6+ Rxe6 31. h3 Rc6 32. a4 bxa4 33. bxa4
Rfc8 34. Bh2 Rc1 35. Rxc1 Rxc1+ 36. Bg1 Ra1 37. Kh2 Kf7 38. Bf2 Ke6 39. Kg3
Ra3+ 40. Kh2 Kd5 41. Rb4 e4 42. Be1 Be5+ 43. Kg1 Ra1 44. Kf2 Rxe1 0-1

[Event "Saverne-Obernai"]
[Site "Epinal"]
[Date "2008.04.06"]
[Round "11.1"]
[White "Uwira, Oliver"]
[Black "Stahl, Clement"]
[Result "1-0"]
[WhiteElo "2305"]
[BlackElo "2069"]
[PlyCount "79"]
[EventDate "2008.04.06"]
[SourceDate "2007.10.27"]

1. d4 d5 2. c4 c6 3. Nf3 Nf6 4. Nc3 e6 5. e3 Nbd7 6. Qc2 h6 7. Bd3 dxc4 8. Bxc4
b5 9. Bb3 Bb7 10. a4 b4 11. Ne4 c5 12. Nxf6+ Qxf6 13. Qe2 Bd6 14. O-O cxd4 15.
Nxd4 O-O 16. Rd1 Nc5 17. Bc4 Rfd8 18. Bd2 a5 19. Be1 Be5 20. f3 Bxd4 21. exd4
Rxd4 22. Bf2 Rxd1+ 23. Rxd1 Rc8 24. Bd4 Qg5 25. b3 Bd5 26. Bxd5 Qxd5 27. Bxg7
Qxb3 28. Bxh6 Nxa4 29. f4 Kh7 30. Bg5 Qc2 31. Qh5+ Kg8 32. h4 b3 33. Kh2 b2 34.
Bf6 Qh7 35. Qxa5 Qf5 36. Rd8+ Kh7 37. Qxf5+ exf5 38. Rxc8 Kg6 39. Bxb2 Nxb2 40.
Rg8+ 1-0

[Event "Saverne-Obernai"]
[Site "Epinal"]
[Date "2008.04.06"]
[Round "11.3"]
[White "Ruffenach, Alain"]
[Black "Riotte, Christian"]
[Result "1-0"]
[WhiteElo "2060"]
[BlackElo "2043"]
[PlyCount "73"]
[EventDate "2008.04.06"]
[SourceDate "2007.10.27"]

1. d4 d5 2. Nf3 Nf6 3. e3 e6 4. Bd3 Be7 5. O-O O-O 6. c4 dxc4 7. Bxc4 b6 8. Qe2
Bb7 9. Rd1 Nbd7 10. Nc3 Qc8 11. e4 c5 12. d5 exd5 13. exd5 Bd6 14. Bg5 a6 15.
a4 Qc7 16. Qd3 Ng4 17. h3 Nge5 18. Nxe5 Nxe5 19. Qf1 Nxc4 20. Qxc4 Rfe8 21.
Rab1 Rac8 22. Re1 Qd7 23. Rxe8+ Rxe8 24. Be3 Qf5 25. Rd1 Qe5 26. Kf1 f5 27. g3
Qf6 28. Bf4 g6 29. Bxd6 Qxd6 30. Re1 Re5 31. Rxe5 Qxe5 32. a5 Qd6 33. axb6 Kf8
34. Na4 Bxd5 35. Qxc5 Ke7 36. Qc7+ Qxc7 37. bxc7 1-0

[Event "Saverne-Obernai"]
[Site "Epinal"]
[Date "2008.04.06"]
[Round "11.4"]
[White "Remaitre, Alexandre"]
[Black "Schlupp, Olivier"]
[Result "1/2-1/2"]
[WhiteElo "2017"]
[BlackElo "2138"]
[PlyCount "53"]
[EventDate "2008.04.06"]
[SourceDate "2007.10.27"]

1. e4 c5 2. Nf3 d6 3. Bb5+ Bd7 4. Bxd7+ Qxd7 5. O-O Nc6 6. d4 cxd4 7. Nxd4 Nf6
8. Nc3 g6 9. Be3 Bg7 10. Nxc6 bxc6 11. f3 O-O 12. Qd2 d5 13. Rfd1 Rfd8 14. exd5
cxd5 15. Bd4 e6 16. Qg5 Ne8 17. Bxg7 Kxg7 18. Rd4 f6 19. Qd2 Nd6 20. Rd1 Nf5
21. Rb4 a5 22. Rb3 Rab8 23. Ne2 Qa7+ 24. Kh1 a4 25. Rxb8 Rxb8 26. b3 Qe3 27.
Nd4 1/2-1/2

[Event "Saverne-Obernai"]
[Site "Epinal"]
[Date "2008.04.06"]
[Round "11.5"]
[White "Berring, Alain"]
[Black "Brunstein, Sandrine"]
[Result "0-1"]
[WhiteElo "2015"]
[BlackElo "2056"]
[PlyCount "140"]
[EventDate "2008.04.06"]
[SourceDate "2007.10.27"]

1. c4 e6 2. g3 Nf6 3. Bg2 d5 4. Nf3 Be7 5. O-O O-O 6. b3 c5 7. Bb2 dxc4 8. bxc4
Nc6 9. d3 Bd7 10. Nc3 a6 11. Qd2 Rb8 12. a4 Na5 13. Qc2 Qc7 14. Nd1 Nc6 15. Ne3
Rfd8 16. Bc3 Nd4 17. Bxd4 cxd4 18. Nxd4 Bc5 19. Nb3 Bxe3 20. fxe3 Ng4 21. Qc1
Qb6 22. Nd4 e5 23. Nc2 Qh6 24. h3 Nf6 25. e4 Qh5 26. Qe3 Bxh3 27. Rxf6 gxf6 28.
Bxh3 Qxh3 29. Rf1 Rd6 30. Rf2 f5 31. Rh2 Qg4 32. exf5 Qxf5 33. Rf2 Qe6 34. Qe4
Rb6 35. Rf5 Rb1+ 36. Kf2 Re8 37. Ne3 Qb6 38. Rh5 h6 39. Rxe5 Qf6+ 40. Rf5 Rxe4
41. Rxf6 Re6 42. Rf5 Ra1 43. a5 Kg7 44. Nd5 Rxa5 45. e4 Ra3 46. Ke3 Rg6 47. Rf3
Ra1 48. Ne7 Re6 49. Nf5+ Kg6 50. Nh4+ Kg7 51. Nf5+ Kf8 52. Rf2 Rb6 53. d4 Re6
54. e5 a5 55. Nd6 Re7 56. Ke4 Ra3 57. g4 Rg3 58. Kf4 Rb3 59. Ke4 a4 60. Kd5 Kg8
61. Ra2 a3 62. c5 Re6 63. Kc4 Rg3 64. Nxb7 Rxg4 65. Kd5 Ra6 66. Nd8 Ra8 67. Nc6
Kf8 68. Kc4 h5 69. Kb5 h4 70. d5 h3 0-1

[Event "Saverne-Obernai"]
[Site "Epinal"]
[Date "2008.04.06"]
[Round "11.6"]
[White "Krauss, Bernard"]
[Black "Brolly, Pierre Louis"]
[Result "1/2-1/2"]
[WhiteElo "1942"]
[BlackElo "2003"]
[PlyCount "75"]
[EventDate "2008.04.06"]
[SourceDate "2007.10.27"]

1. e4 c5 2. Nf3 Nc6 3. d4 cxd4 4. Nxd4 g6 5. Nxc6 bxc6 6. Bd3 Bg7 7. Qe2 d6 8.
c4 Nf6 9. Nc3 O-O 10. h3 Nd7 11. Bd2 a5 12. Bc2 Nc5 13. O-O a4 14. b4 axb3 15.
axb3 Rxa1 16. Rxa1 Ne6 17. Bd1 Nd4 18. Qd3 f5 19. Ra8 Qb6 20. Na4 Qb7 21. Ra5
fxe4 22. Qxe4 e5 23. b4 Qf7 24. Qe3 Qxc4 25. Nb6 Qe6 26. Ra8 Bb7 27. Ra7 Rb8
28. Qa3 Qf7 29. Qe3 Qc7 30. Nc4 Nb5 31. Ra2 d5 32. Na5 Bc8 33. Qc5 Bd7 34. Rc2
Nd4 35. Qxd5+ Be6 36. Rxc6 Qf7 37. Rxe6 Nxe6 38. Bb3 1/2-1/2

[Event "Saverne-Obernai"]
[Site "Epinal"]
[Date "2008.04.06"]
[Round "11.7"]
[White "Kuchly, Sylvain"]
[Black "Francois, Robert"]
[Result "1/2-1/2"]
[WhiteElo "1750"]
[BlackElo "1470"]
[PlyCount "104"]
[EventDate "2008.04.06"]
[SourceDate "2007.10.27"]

1. e4 c5 2. d4 cxd4 3. c3 Nf6 4. e5 Nd5 5. Bc4 e6 6. Nf3 dxc3 7. Bxd5 cxb2 8.
Bxb2 Qa5+ 9. Bc3 Qxd5 10. O-O Qc6 11. Qd3 b5 12. Nd4 Qc4 13. Qf3 Nc6 14. Nxc6
Qxc6 15. Qg3 Bb7 16. Nd2 a5 17. Rac1 Qb6 18. Nb3 a4 19. Bd4 Qd8 20. Nc5 Bd5 21.
a3 g6 22. Nd3 Bxa3 23. Rb1 Bc4 24. Rfd1 Be7 25. Nc5 O-O 26. Be3 Bh4 27. Qf4 Bd5
28. Rxb5 a3 29. Ra1 Be7 30. Qd4 Bxc5 31. Qxc5 Bc6 32. Rb3 Ra5 33. Qc3 Qa8 34.
Rbxa3 Rxa3 35. Rxa3 Qb7 36. f3 Qb1+ 37. Kf2 Rb8 38. Kg3 Kg7 39. Bg5 Qb5 40.
Bf6+ Kg8 41. Qe3 Qb4 42. Bg5 Qb6 43. Qf4 Qc5 44. Re3 Rb4 45. Qf6 Qf8 46. Rc3 h6
47. Be3 Rb8 48. Bc5 Qg7 49. Qf4 g5 50. Qd4 Qg6 51. Bd6 Ra8 52. Qd2 Ra4 1/2-1/2